| 000 | 00363nam a2200145Ia 4500 | ||
|---|---|---|---|
| 008 | 210716s2013 xx 000 0 und d | ||
| 020 | _a9788177229448 | ||
| 041 | _aeng | ||
| 082 | _a005.758 MAMB | ||
| 100 | _aMamtani, Bhushan Jairamdas. | ||
| 245 | _aSap fico: black book. | ||
| 250 | _a1 | ||
| 260 |
_aNew Delhi _bDreamtech Press _c2013 |
||
| 300 | _axxiv,604 | ||
| 999 |
_c194033 _d194033 |
||